The foreign vocabulary of the Qur'ān /
Republication of Arthur Jeffery's important study, The Foreign Vocabulary of the Qur'ān , offers a new generation of scholars and students access to this foundational text. Arranged in Arabic alphabetical order, Jeffery's compendium of philological scholarship remains an indispensable...
المؤلف الرئيسي:
التنسيق: كتاب الكتروني
اللغة: English
منشور في:
Leiden ; Boston :
Brill,
2007.
سلاسل:
Texts and studies on the Qurʼān ;
v. 3
Texts and Studies on the Qurʾān
3.
Middle East and Islamic Studies E-Books Online, Collection 2007, ISBN: 9789004223028.
الموضوعات:
الوصول للمادة أونلاين: Login to view Source
الوسوم: إضافة وسم
رقم الطلب: PJ6696.Z8 J4 2007
| LEADER | 02893nam a2200529 i 4500 | ||
|---|---|---|---|
| 001 | BRILL9789047418863 | ||
| 003 | nllekb | ||
| 005 | 20211118222101.0 | ||
| 006 | m d | ||
| 007 | cr un uuuua | ||
| 008 | 060817r20071938ne sbd 001 0 eng | ||
| 010 | |a 2006050953 | ||
| 016 | 7 | |a B0702296 |2 bccb | |
| 020 | |a 9789047418863 |q (electronic book) | ||
| 020 | |z 9789004153523 |q (print) | ||
| 024 | 7 | |a 10.1163/ej.9789004153523.i-313 |2 DOI | |
| 035 | |a (OCoLC)71146632 | ||
| 040 | |a NL-LeKB |c NL-LeKB |e rda | ||
| 050 | 4 | |a PJ6696.Z8 |b J4 2007 | |
| 082 | 0 | 4 | |a 297.1/22403 |2 22 |
| 100 | 1 | |a Jeffery, Arthur. | |
| 245 | 1 | 4 | |a The foreign vocabulary of the Qur'ān / |c by Arthur Jeffery ; with a foreword by Gerhard Böwering and Jane Dammen McAuliffe. |
| 264 | 1 | |a Leiden ; |a Boston : |b Brill, |c 2007. | |
| 300 | |a 1 online resource. | ||
| 336 | |a text |b txt |2 rdacontent | ||
| 337 | |a computer |b c |2 rdamedia | ||
| 338 | |a online resource |2 rdacarrier | ||
| 440 | 0 | |a Texts and studies on the Qurʼān ; |v v. 3 | |
| 490 | 0 | |a Brill eBook titles 2007 | |
| 500 | |a Originally published on behalf of the Government of His Highness the Maharaja Gaekwad of Baroda by Benoytosh Bhattacharyya, Director, Oriental Institute, Baroda, 1938. | ||
| 504 | |a Includes bibliographical references (p. [xvii]-xx) and indexes. | ||
| 505 | 0 | 0 | |a Preliminary Material -- Introduction -- The Foreign Words -- Addenda -- Indices. |
| 506 | 1 | |a Available to subscribing member institutions only. | |
| 520 | |a Republication of Arthur Jeffery's important study, The Foreign Vocabulary of the Qur'ān , offers a new generation of scholars and students access to this foundational text. Arranged in Arabic alphabetical order, Jeffery's compendium of philological scholarship remains an indispensable tool for any serious study of Qur'ānic semantics. Drawing upon etymological examination of languages such as Greek, Persian, Syriac, Ethiopic, Coptic and Nabataean, Jeffery's work illuminates the rich linguistic texture of Islam's holy book. His lengthy introductory essay explores the exegetical analysis offered by medieval Muslim commentators as well as the insights provided by more recent research. | ||
| 630 | 0 | 7 | |a Koran. |2 swd |
| 630 | 0 | 0 | |a Koran |x Language, style |v Dictionaries. |
| 650 | 7 | |a Fremdwort. |2 swd | |
| 650 | 0 | |a Arabic language |x Foreign words and phrases. | |
| 651 | 7 | |a Arabisch. |2 swd | |
| 776 | 0 | |t Foreign vocabulary of the Qur'ān |z 9004153527 (alk. paper) |z 9789004153523 (alk. paper) | |
| 830 | 0 | |a Texts and Studies on the Qurʾān |v 3. | |
| 830 | 0 | |a Middle East and Islamic Studies E-Books Online, Collection 2007, ISBN: 9789004223028. | |
| 856 | 4 | |z DOI: |u http://dx.doi.org/10.1163/ej.9789004153523.i-313 | |
| 942 | |2 lcc |c EBOOK | ||
| 952 | |0 0 |1 0 |2 lcc |4 0 |7 1 |9 22850 |a BRILL |b BRILL |d 2021-11-18 |l 0 |r 2021-11-18 00:00:00 |w 2021-11-18 |y EBOOK | ||
| 994 | |a C0 |b NEIDC | ||
| 999 | |c 40324 |d 40324 | ||
